Oxford handbook of epidemiology for clinicians / (Record no. 119162)

MARC details
000 -LEADER
fixed length control field 01021cam a22002777a 4500
003 - CONTROL NUMBER IDENTIFIER
control field OSt
005 - DATE AND TIME OF LATEST TRANSACTION
control field 20240304144506.0
008 - FIXED-LENGTH DATA ELEMENTS--GENERAL INFORMATION
fixed length control field
020 ## - INTERNATIONAL STANDARD BOOK NUMBER
International Standard Book Number 9780198529880 (paperback)
040 ## - CATALOGING SOURCE
Transcribing agency NUST
Original cataloging agency NUST
Language of cataloging eng
Modifying agency NUST
Description conventions rda
050 ## - LIBRARY OF CONGRESS CALL NUMBER
Classification number REF RA651 OXF
245 00 - TITLE STATEMENT
Title Oxford handbook of epidemiology for clinicians /
Statement of responsibility, etc. by Helen Ward; Mireille B. Toledano; Gavin Shaddick; Bethan Davies and Paul Elliot
260 ## - PUBLICATION, DISTRIBUTION, ETC.
Place of publication, distribution, etc. Oxford :
Name of publisher, distributor, etc. Oxford University Press,
Date of publication, distribution, etc. 2012.
300 ## - PHYSICAL DESCRIPTION
Extent xxviii, 388 pages :
Other physical details illustrations ;
Dimensions 19 cm.
336 ## - CONTENT TYPE
Source rdacontent
Content type term text
Content type code txt
337 ## - MEDIA TYPE
Source rdamedia
Media type term unmediated
Media type code n
338 ## - CARRIER TYPE
Source rdacarrier
Carrier type term volume
Carrier type code nc
504 ## - BIBLIOGRAPHY, ETC. NOTE
Bibliography, etc. note Includes bibliographical references.
650 #0 - SUBJECT ADDED ENTRY--TOPICAL TERM
Topical term or geographic name entry element Epidemiology.
650 12 - SUBJECT ADDED ENTRY--TOPICAL TERM
Topical term or geographic name entry element Epidemiology
Form subdivision Handbook.
650 22 - SUBJECT ADDED ENTRY--TOPICAL TERM
Topical term or geographic name entry element Epidemiologic Methods
Form subdivision Handbook.
650 #7 - SUBJECT ADDED ENTRY--TOPICAL TERM
Topical term or geographic name entry element Epidemiology.
Source of heading or term fast
700 1# - ADDED ENTRY--PERSONAL NAME
Personal name Ward, Helen,
Dates associated with a name 1957-
907 ## - LOCAL DATA ELEMENT G, LDG (RLIN)
a .b10381600
b 25-07-17
c 25-07-17
942 ## - ADDED ENTRY ELEMENTS (KOHA)
Koha item type Reference Material
Call number prefix REF RA651
Call number suffix OXF
Source of classification or shelving scheme Library of Congress Classification
Classification part REF RA651OXF
Suppress in OPAC No
Holdings
Withdrawn status Lost status Source of classification or shelving scheme Damaged status Not for loan Collection Home library Current library Shelving location Date acquired Cost, normal purchase price Total Checkouts Full call number Barcode Date last seen Accession number Cost, replacement price Price effective from Koha item type
    LCC     NFIC Medical Medical GEN 01/20/2023 57.00   REF RA651 OXF 92004042647 01/20/2023 52948 57.00 01/20/2023 BOOKS